Honda Motor (Record no. 1111790)

MARC details
000 -LEADER
fixed length control field 00992nam a2200325Ia 4500
003 - CONTROL NUMBER IDENTIFIER
control field OSt
005 - DATE AND TIME OF LATEST TRANSACTION
control field 20221006155849.0
008 - FIXED-LENGTH DATA ELEMENTS--GENERAL INFORMATION
fixed length control field 221006b |||||||| |||| 00| 0 eng d
020 ## - INTERNATIONAL STANDARD BOOK NUMBER
International Standard Book Number 0870115227
020 ## - INTERNATIONAL STANDARD BOOK NUMBER
International Standard Book Number 4770010184
037 ## - SOURCE OF ACQUISITION
Terms of availability Textual
040 ## - CATALOGING SOURCE
Original cataloging agency EASL
Transcribing agency EASL
Language of cataloging eng
041 ## - LANGUAGE CODE
Source of code eng
Language code of text/sound track or separate title eng
100 ## - MAIN ENTRY--PERSONAL NAME
Personal name Sakiya Tetsuo
9 (RLIN) 670685
245 #0 - TITLE STATEMENT
Title Honda Motor
Remainder of title The men the management the machines
260 ## - PUBLICATION, DISTRIBUTION, ETC.
Place of publication, distribution, etc. Tokyo
Name of publisher, distributor, etc. Kodansha International Japan
Date of publication, distribution, etc. 1982
300 ## - PHYSICAL DESCRIPTION
Extent 242p.
Dimensions cm.
490 ## - SERIES STATEMENT
Volume/sequential designation JEL
650 ## - SUBJECT ADDED ENTRY--TOPICAL TERM
Topical term or geographic name entry element Fujisawa Takeo
9 (RLIN) 670686
650 ## - SUBJECT ADDED ENTRY--TOPICAL TERM
Topical term or geographic name entry element Honda Soichiro
9 (RLIN) 670687
650 ## - SUBJECT ADDED ENTRY--TOPICAL TERM
Topical term or geographic name entry element JEL
650 ## - SUBJECT ADDED ENTRY--TOPICAL TERM
Topical term or geographic name entry element Honda Giken Kogyo Kabushiki Kaisha
9 (RLIN) 670688
700 ## - ADDED ENTRY--PERSONAL NAME
Personal name Ikemi Kiyoshi Tr.
9 (RLIN) 670689
942 ## - ADDED ENTRY ELEMENTS (KOHA)
Classification part X8(D51):8.42, M2
Koha item type Textual
Source of classification or shelving scheme Colon Classification (CC)
Holdings
Withdrawn status Lost status Source of classification or shelving scheme Damaged status Not for loan Home library Current library Date acquired Source of acquisition Serial Enumeration / chronology Total Checkouts Full call number Barcode Date last seen Price effective from Koha item type
    Colon Classification (CC)     Department of East Asian Studies Library Department of East Asian Studies Library 2022-10-06 Gift, Japan Foundation JEL   X8(D51):8.42 M2 EA1396409 2022-10-06 2022-10-06 Textual
Copyright @ Delhi University Library System